| 000 | 03415cam a22006254i 4500 | ||
|---|---|---|---|
| 003 | PE-LiUPU | ||
| 005 | 20250731165606.0 | ||
| 008 | 150706s2007 sp a rb 000 0 spa d | ||
| 020 | _a9788448160593 | ||
| 035 | _a(Sirsi) i9788448160593 | ||
| 040 |
_aPE-LiUPU _bspa _cPE-LiUPU _erda |
||
| 049 | _aPRUA | ||
| 082 | 0 | 4 |
_a001.42 _bH41f2007 _221 |
| 100 | 1 |
_aHernández Sampieri, Roberto, _eautor. |
|
| 245 | 1 | 0 |
_aFundamentos de metodología de la investigación / _cRoberto Hernández Sampieri, Carlos Fernández Collado y Pilar Baptista Lucio. |
| 264 | 1 |
_aMadrid : _bMcGraw-Hill, _c2007. |
|
| 300 | _a01 CD-ROM | ||
| 300 |
_a334 páginas : _bilustraciones ; _c28 centímetros |
||
| 336 |
_atext _2rdacontent |
||
| 337 |
_aunmediated _2rdamedia |
||
| 338 |
_avolume _2rdacarrier |
||
| 500 | _aAdaptación de la primera edición. | ||
| 504 | _aIncluye bibliografía. | ||
| 505 | 0 | _aLa idea: nace un proyecto de investigación -- Planeamiento del problema: objetivos, preguntas de investigación y justificación del estudio -- Elaboración del marco teórcio: revisión de la literatura y construcción de una perspectiva teórica -- Definición del alcance de la investigación a realizar: exploratoria, descriptiva, correlacional o explicativa -- Formulación de hipótesis -- Diseños de investigación -- Selección de la muestra -- Recolección de datos -- Análisis de los datos -- Elaboración del reporte de investigación. | |
| 526 | _aSEG44 | ||
| 526 | _aSEG26 | ||
| 526 | _aP151 | ||
| 526 | _aP150 | ||
| 526 | _aP149 | ||
| 526 | _aP146 | ||
| 526 | _aP145 | ||
| 526 | _aP126 | ||
| 526 | _aP125 | ||
| 526 | _aP92 | ||
| 526 | _aP75 | ||
| 526 | _aP74 | ||
| 526 | _aP27 | ||
| 526 | _aP15 | ||
| 541 | _g001-0037503; | ||
| 541 | _g001-0037503; | ||
| 541 | _g015-0011193; | ||
| 650 | 0 | 4 |
_aInvestigación _xMetodología _vFundamentos. |
| 700 | 1 |
_aBaptista Lucio, Pilar, _eautor. |
|
| 700 | 1 |
_aFernández Collado, Carlos, _eautor. |
|
| 910 |
_agl _cjvm _d20100303 |
||
| 942 |
_2ddc _cBOOK |
||
| 949 |
_a001.42 H41F 2007 _wDEWEY _c1 _i61191 _d2016-9-29 _e2016-9-28 _f2017-2-16 _g1 _lCCODEBUL1 _mBUL _n3 _p30.00 _r0 _sY _tBOOK _u2015-7-6 _xSALUD _PP31 _0COMPRA _o.STAFF. Colección General |
||
| 949 |
_a001.42 H41F 2007 _wDEWEY _c2 _i68313 _d2016-9-13 _e2016-9-13 _f2017-2-16 _g1 _lCCODEBUL1 _mBUL _n5 _p28.00 _r0 _sY _tBOOK _u2015-7-6 _xEDUCACION _PP20 _o.STAFF. Colección General |
||
| 949 |
_a001.42 H41F 2007 _wDEWEY _c3 _i68314 _d2016-9-13 _e2016-9-13 _f2017-2-16 _g1 _lCCODEBUL1 _mBUL _n8 _p28.00 _r0 _sY _tBOOK _u2015-7-6 _xEDUCACION _PP20 _o.STAFF. Colección General |
||
| 994 |
_aC0 _bPEPRU |
||
| 596 | _a1 | ||
| 999 |
_a001.42 H41F 2007 _wDEWEY _c50464 _i61191 _d50464 _e2016-9-28 _f2021-11-4 _g5 _lCCODEBUL1 _mBUL _n3 _p30.00 _q3 _r0 _sY _tBOOK _u2015-7-6 _xBIBLIOTECA _PP31 _0COMPRA _o.STAFF. Colección Ciencias de la Salud |
||
| 999 |
_a001.42 H41F 2007 _wDEWEY _c2 _i68313 _d2018-5-2 _e2016-9-13 _f2021-11-4 _g5 _lCCODEBUL1 _mBUL _n5 _p28.00 _q2 _r0 _sY _tBOOK _u2015-7-6 _xBIBLIOTECA _PP20 _0COMPRA _o.STAFF. Colección General |
||
| 999 |
_a001.42 H41F 2007 _wDEWEY _c3 _i68314 _d2019-9-16 _e2019-9-11 _f2021-11-4 _g6 _lCCODEBUL1 _mBUL _n14 _p28.00 _q1 _r0 _sY _tBOOK _u2015-7-6 _xBIBLIOTECA _PP20 _0COMPRA _o.STAFF. Colección General |
||
| 980 |
_81 _gALBERTO SANCHEZ Responsable de Automatización |
||